000 00885nam a22002417a 4500
001 47650
003 BD-RjUL
005 20211209054347.0
008 160809s1985 bg ||||| |||| 00| 0 ben d
020 _c: TK 130.00
035 _a(BD-RjUL) 47769
040 _aBD-RjUL
_bben
_cBD-RjUL
041 _aben
082 _223
_a636.0896
_bRAG 1985
100 _aরহমান, আব্দুর
_9116670
245 1 0 _aগৃহপালিত পশুর সংক্রামক রোগতত্ত্ব /
_cআব্দুর রহমান
260 _aঢাকা :
_bবাংলা একডেমি,
_c১৯৮৫
300 _a খণ্ড :
_bচিত্র ;
_c২১ সেমি.
505 0 _aখণ্ড ১ -- খণ্ড ২ --
650 _aসংক্রামক রোগ
_9144800
650 _aViral Diseases
_9144801
942 _2ddc
_cBK
999 _c47650
_d47650